000 01278nam a2200325 4500
001 0000018461
003 CO-CtgCURN
005 20250331184735.0
007 ta
008 160627s1996 000 0 eng d
020 _a9688806609
040 _aCO-CtgCURN
_bspa
_ccoctgcurn
082 0 _a530
_bW45f
100 1 _aWilson, Jerry D.
245 1 0 _aFisica /
_cJerry D. Wilson , traducción María del Consuelo Hidalgo y Mondragon.
250 _a2a ed.
260 _aMexico :
_bPearson Educación,
_c1996.
300 _a766 p.
336 _2rdacontent
337 _2rdamedia
_asin mediacion
_bn
338 _2rdacarrier
_avolumen
_bnc
500 _aIncluye indice.
505 8 _aUnidad y solucion de problemas.--Cinematica: descripcion del movimiento.--Movimiento en dos dimensiones.--Fuerza y movimiento.--Trabajo y energia.--Cantidad de movimiento y colisiones.--Movimiento circular y gravitacion.--Solidos y fluidos.--Calor.--Carga, fuerza electrica
650 1 4 _aFisica cuantica
_vProblemas, ejercicios, etc.
700 1 _aHidalgo y Mondragon, María del Consuelo.
908 _a160627
942 _cBK
_h530
_iW45f
_2ddc
999 _c20953
_d20953